A colegial (Record no. 44684)

MARC details
000 -Etiqueta do registo
Valores 00469cam a22001931 04500
100 ## - Dados gerais de processamento
Dados gerais 19950604d1975 m y0pory5003 ba
101 1# - Língua de publicação
Língua por
102 ## - País de publicação
País PT
200 1# - Titulo e menção de responsabilidade
Título próprio A colegial
Primeira menção de responsabilidade Corin Tellado
Outras menções de responsabilidade trad. L. Costa
210 #9 - Publicação
Local de publicação Lisboa
Nome do editor Portugal Press,
Data de publicação 1975
215 ## - Descrição física 
Paginação / Volumes 159, [1] p.
Dimensões 18 cm
225 2# - Colecção 
Título próprio da colecção Calypso
Indicação de volume 7
675 ## - CDU
Notação 821.134.2-31
700 #1 - Autor principal
Apelido Tellado,
Nome Corin,
702 #1 - Autor secundário
Apelido Costa,
Nome L.
Função 730
801 #0 - Fonte de origem
País PT
Agência BN
Regras de catalogação RPC
990 ## - Elementos KOHA
Tipo de documento Livro
Holdings
Aquisição Empréstimo Código de barras Cota Permissão de empréstimo Tipo de documento
Biblioteca Municipal de Redondo Biblioteca Municipal de Redondo 054531 821.134.3-2 TEL   Livro

Powered by Koha